| 000 | 01367nam a2200313 c 4500 | ||
|---|---|---|---|
| 999 |
_c173136 _d173136 |
||
| 003 | BLK | ||
| 005 | 20200828083023.0 | ||
| 008 | 180411b bul|||||r ||||||| ||bul|| | ||
| 010 | _aKNG00181517000 | ||
| 040 | _aBLK | ||
| 041 |
_aBUL _cBUL |
||
| 080 |
_a?Литература на ГДР _b830.2 _x-32 _z830.2-32 |
||
| 100 | 1 |
_aСимон, Ерик _eпърви автор _9382985 |
|
| 139 |
_aСимон, Ерик _bС 37 |
||
| 245 | 1 | 0 |
_aЧужди звезди _bНаучнофантаст. разкази _cЕрик Симон; прев. от нем. Дорина Йосифова; състав. с предг. от Светослав Славчев. |
| 257 | _aDEU | ||
| 260 |
_aВарна _bГеорги Бакалов _c1986 _9210458 |
||
| 300 |
_a176 с. _c17 см |
||
| 380 | _aX | ||
| 490 |
_aБиблиотека Галактика _v78 _9201894 |
||
| 500 | _aПрев. е направен от Begegnung im Licht ; Wege Unmoglichkeit ; Fremde Sterne / Erik Simon. - 30 119 тир. | ||
| 700 | 1 |
_aЙосифова, Дорина _eпрев. от нем. _gРусева, Дорина Йосифова _9376167 |
|
| 700 | 1 |
_aСлавчев, Светослав _eсъстав. с предг. от _9370044 |
|
| 852 | _aЦб І 22861 | ||
| 856 | 4 | _qpdf | |
| 856 | 4 | _qpdf | |
| 942 |
_cKNG _n0 _s1 |
||
| 944 |
_aCR _c11.09.2015 _kВалентина_Караджова |
||
| 944 |
_aED _c11.09.2015 _kВалентина_Караджова |
||
| 999 | _d173136 | ||